One Piece: Le top 20 du 4e sondage de popularité. - Statistiques

Statistiques générales
  • Ce quiz a été pris 1 011 fois
  • Le résultat moyen est 16 sur 20
Statistiques - réponses
# Personnages % Correct
1er Monkey D. Luffy
100%
2e Roronoa Zoro
100%
6e Nami
99%
3e Sanji
99%
7e Nico Robin
97%
4e Tony Tony Chopper
96%
13e Franky
94%
9e Brook
93%
8e Shanks
92%
5e Portgas D. Ace
91%
11e Usopp
91%
10e Trafalgar Law
73%
15e Eustass Kidd
65%
12e Dracule Mihawk
63%
17e Aokiji
59%
14e Nefertari Vivi
58%
19e Rob Lucci
54%
18e Silvers Rayleigh
51%
16e Kaku
44%
20e Smoker
40%
Aucun quiz correspondant
Distribution des résultats
% des personnes avec chaque résultat
Percentile par nombre de réponses
Votre historique - résultats
Vous n’avez pas pris ce quiz